calculs mental expert - Statistiques

Statistiques générales
  • Ce quiz a été pris 27 fois
  • Le résultat moyen est 5 sur 7
Statistiques - réponses
Hint Réponse % Correct
17x19 323
95%
171/3 57
86%
148x6 888
77%
391/23 17
68%
14x17 238
59%
2894+98234 101128
45%
36x36 1296
41%
Aucun quiz correspondant
Distribution des résultats
% des personnes avec chaque résultat
Percentile par nombre de réponses
Votre historique - résultats
Vous n’avez pas pris ce quiz